000 00497cam a2200193ua 4500
020 _a81 204 1049 1
_c475.00
041 _aeng
_h
082 _a631.416
_bCHH/SO
100 _aChabbra, R .
245 _aSoil salinity and water quality /
_cR Chabbra.
_hTextual Documents
250 _a1 /
_b.
260 _aNew Delhi :
_bOxford & IBH Publishing company ,
_c1996.
300 _a ; .
365 _a475.00
504 _a
942 _cBK
999 _c3334
_d3334